000 01025nam a22002537a 4500
005 20170123164149.0
010 _aA-773049
020 _c65.00
_a8179801061
035 _aA-773049
037 _aCen Lib / Ret
040 _aDPL
_bPN
082 _a851.08
_bਹਰਨ
100 _aਹਰਨਮ ਸਿੰਘ ਸ਼ਾਨ
_96710
245 _aਸ੍ਯੇਡ ਹਾਸ਼ਮ ਸ਼ਾਹ :
_cਹਰਨਾਮ ਸਿੰਘ ਸ਼ਾਨ
_bਜੀਵਨ ਤੇ ਰਚਨਾ /
246 _aSyed hasham shah : jiwan te rachna
_bby Harnam Singh Shan
260 _aਪਟਿਆਲਾ
_bਪੰਜਾਬੀ ਯੂਨੀਵਰਸਿਟੀ
_c1995
270 _aਪੰਜਾਬੀ ਯੂਨੀਵਰਸਿਟੀ
_bਪਟਿਆਲਾ
300 _a216p.
_c19cm(Hb)
650 _aਪੰਜਾਬੀ -- ਕਵਿਤਾਵਾਂ
_9124891
650 _aਪੰਜਾਬੀ ਸਾਹਿਤ
_9124892
650 _aPunjabi --Poems
_998797
650 _aPunjabi Literature
_9781
942 _2ddc
_cPN
_h851.08
_mਹਰਨ
999 _c110215
_d110215